Quizzes
Events
Quiz Creation
Community
Videos
Private Events
Remove Ads
Sign In
Join for FREE
Feedback
Dark Mode
Quiz Categories
Sports
Geography
Music
Movies
Television
Just For Fun
Miscellaneous
History
Literature
Language
Science
Gaming
Entertainment
Religion
Holiday
For Kids
Quiz Lab
Recent
Popular Today
Quiz Kudos Today
Editor Picks
Curator Picks
Quizzes by...
Day
Popularity
Type
Ratings
Length
Year
Community
Subscriptions
Recent Discussions
Orange Saloon
Badges
Playlists
Quests
Create
Leaderboards
Showdown
Live 5
Trivia Bingo
Activity
Puzzle Library
Sporcle Events
Private Events
Virtual Trivia
Globe League
Become a Host
Pub Owners
SporcleCon
Opinionation
Our Games
Videos
Blog
Mobile Apps
Partnerships
Remove Ads and Go Orange
Feedback
Sports
Athletes
MLB
NBA
NHL
NFL
Soccer
Sports Teams
WWE
NCAA
Football
Premier League
Basketball
Baseball
Hockey
Golf
Tennis
Cricket
Rugby
Auto Racing
Olympics
World Cup
Sports
Athletes
MLB
NBA
NHL
NFL
Soccer
Sports Teams
WWE
NCAA
Football
Premier League
Basketball
Baseball
Hockey
Golf
Tennis
Cricket
Rugby
Auto Racing
Olympics
World Cup
Random Quiz
Search Sporcle
×
Quiz Lab
Quiz Lab
Sports
NFL
Type in answers that appear in a list
Type in answers that appear in a list
Classic
Best Score? Go Orange.
Last NFL RB Draft Pick by School (Notable) Stats
Can you name the Last NFL RB (Notable) Draft Pick by School?
By
colonel4life89
10m
66 Questions
97 Plays
97 Plays
97 Plays
Comments
Comments
Give Quiz Kudos
Give Quiz Kudos
-
- Ratings
hide this ad
Replay
Link that replays current quiz
Next Quiz
Link to next quiz in quiz playlist
You Got
0%
They Got
Avg Score
39%
Avg Friend Score
Upgrade to see
Score Distribution
Jump to the score distribution portion of the page
Score
0/66
Timer
10:00
0
Plays Today
School
Players
% Correct
Alabama
Mark Ingram
84.5%
East Carolina
Chris Johnson
82.5%
Eastern Washington
Taiwan Jones
82.5%
Notre Dame
Julius Jones
82.5%
Memphis
DeAngelo Williams
77.3%
Virginia Tech
Ryan Williams
77.3%
Georgia
Knowshon Moreno
70.1%
Ohio State
Chris Wells
67%
Colorado
Chris Brown
66%
N.C. State
Andre Brown
66%
TCU
LaDainian Tomlinson
66%
Boston College
William Green
63.9%
Hawaii
Alex Green
63.9%
Stanford
Toby Gerhart
62.9%
Central Florida
Kevin Smith
61.9%
Rutgers
Ray Rice
60.8%
Fresno State
Ryan Mathews
58.8%
Oregon
Jonathan Stewart
56.7%
Iowa
Shonn Greene
51.5%
Arkansas
Peyton Hillis
50.5%
UCLA
Maurice Jones-Drew
50.5%
Minnesota
Lawrence Maroney
49.5%
Tulane
Matt Forte
48.5%
Miami (FL)
Frank Gore
46.4%
West Virginia
Steve Slaton
46.4%
Kansas State
Daniel Thomas
45.4%
Oklahoma
DeMarco Murray
41.2%
Richmond
Tim Hightower
40.2%
Villanova
Brian Westbrook
40.2%
Michigan
Mike Hart
39.2%
Buffalo
James Starks
38.1%
Marshall
Ahmad Bradshaw
38.1%
Illinois
Mikel Leshoure
37.1%
School
Players
% Correct
Texas
Jamaal Charles
35.1%
Auburn
Ben Tate
34%
North Carolina
Johnny White
33%
Nebraska
Roy Helu
30.9%
Pittsburgh
Dion Lewis
30.9%
LSU
Stevan Ridley
29.9%
Toledo
Chester Taylor
29.9%
Michigan State
Javon Ringer
28.9%
Oklahoma State
Kendall Hunter
28.9%
Oregon State
Jazquizz Rodgers
28.9%
Purdue (FB)
Mike Alstott
25.8%
Abilene Christian
Bernard Scott
24.7%
Northern Illinois
Garrett Wolfe
22.7%
Penn State
Evan Royster
21.6%
Tennessee
Montario Hardesty
21.6%
Ole Miss
Dexter McCluster
20.6%
Washington State
Jerome Harrison
20.6%
Arizona State
Ryan Torain
19.6%
Connecticut
Jordan Todman
19.6%
Georgia Tech
Anthony Allen
18.6%
Syracuse
Delone Carter
18.6%
Arizona
Chris Henry
17.5%
California
Shane Vereen
16.5%
Mississippi State
Anthony Dixon
16.5%
Maryland
LaMont Jordan
15.5%
Florida State
Lorenzo Booker
14.4%
Brigham Young
Harvey Unga
11.3%
Clemson
Jamie Harper
9.3%
Louisville
Bilal Powell
9.3%
Texas A&M
Mike Goodson
7.2%
Florida
DeShawn Wynn
6.2%
Kentucky
Artose Pinner
5.2%
Louisiana Tech
Ryan Moats
5.2%
Quiz Playlist
Details
Report
Send in Message
Add To Playlist
Classic:
Type in answers that appear in a list
Last Updated: Feb 16, 2017
Quiz Scoreboard
CHALLENGE
Sign Up to Join the Scoreboard
Show All
Scores
Hide
Comments
May contain spoilers
Recently Published
Presidents Visiting Landmarks
by Hejman
History
7m
An Introduction to Baseball
by treessimontrees
Sports
5m
Movies - When Are They Set?
by FPL_Elf
Movies
5m
More to Explore
Quiz From the Vault
Featured Blog Post
Where Did the Easter Bunny Come From?
hide this ad
You Might Also Like...
Tags
NFL Quiz
Draft
last
Player
round
school
Today's Top Quizzes in Sports
Browse Sports
hide this ad
Today's Top Quizzes in NFL
Browse NFL
Top Contributed Quizzes in Sports
1
Les meilleurs buteurs des matchs entre le PSG et l’OM
2
2022 World Cup Stars
3
FIFA Club World Cup Champions
4
Les entraîneurs de l'OM et du PSG au 21e siècle
5
Name the Premier League winners with different clubs
6
La finale Lions - Afrique du Sud 2021
7
5-to-1: UK Sports Teams
8
England Test cricketers to play under Nasser Hussain
9
Players with Multiple 50 Home Run Seasons
10
AFC Teams Reveal (Wrong Answers Minefield)
Explore More
Trending Topics
Disney
Crossword
NBA
Kpop
Anime
Marvel
Harry Potter
Puzzle
Soccer
Pokémon
Song
NFL
The Office
Country
WWE
hide this ad
More By:
colonel4life89
Quiz
Plays
Rating
Category
Featured
Created
NFL First Round Draft Pick Alma Mater 2008-2011
1,066
3.71
Sports
Apr 14, 2012
Last NFL RB Draft Pick by School (Notable)
97
4.50
Sports
Apr 15, 2012
Go to Creator's Profile
Score Distribution
Quiz Creator Spotlight
colonel4life89
Follow
Send a Message
Quizzes Created
-
Created Quiz Play Count
-
More By This Creator
Popular Quizzes Today
1
Find the US States - No Outlines Minefield
2
Find the Countries of Europe - No Outlines Minefield
3
The Countries of the World
4
Find the US States
5
Popular People in 1961
6
US States
7
Risky Map Clicking: Biggest States A-Z
8
1-10 Letter E Words III
More Sports Quizzes
Premier League Winners - L
Quiz Lab
Trending Quizzes
Risky Map Clicking: Least Populous States A-Z
1-10 Letter G Words
1-10 Letter F Words
One Thing in Common: United Kingdom
Risky Map Clicking: Next State Alphabetically
Recently Updated
Leaping Animals
pecheneg
Reality TV Shows (A-Z)
bhenderson79
Rickey Henderson's Hall of Fame Teammates
pecheneg
Champions League XIs: Arsenal
pecheneg
Quick Pick: Celebrities in WWE's Hall of Fame
aduchscher
A-Z Keypad Blitz II
pecheneg
Multiple Oscar Actors
pecheneg
Mystery Phrase Blitz: Oscar 'Best Actors'
pecheneg
F. Scott Fitzgerald Novels
LTH
Pick 3 Villains
ddd62291
Trending Topics
Crossword
Harry Potter
Anime
Disney
Kpop
Marvel
NBA
Soccer
Puzzle
NFL
WWE
Pokémon
Song
The Office
Country
Your Account Isn't Verified!
In order to create a playlist on Sporcle, you need to verify the email address you used during registration. Go to your
Sporcle Settings
to finish the process.
Report this User
Report this user for behavior that violates our
Community Guidelines
.
Details:
Send Report
Go to the Sporcle.com Mobile Site →
Comments